LIBRARY & INFORMATION CENTRE, KCAET, TAVANUR

ONLINE PUBLIC ACCESS CATALOGUE (OPAC)

Modulaters and frequency changers / (Record no. 9159)

MARC details
000 -LEADER
fixed length control field 00353cam a2200145ua 4500
003 - CONTROL NUMBER IDENTIFIER
control field OSt
008 - FIXED-LENGTH DATA ELEMENTS--GENERAL INFORMATION
fixed length control field 250108b |||||||| |||| 00| 0 eng d
041 ## - LANGUAGE CODE
Language code of text/sound track or separate title eng
082 ## - DEWEY DECIMAL CLASSIFICATION NUMBER
Classification number 621.384
Item number TUC/MO
100 ## - MAIN ENTRY--AUTHOR NAME
Personal name Tucker, D G .
245 ## - TITLE STATEMENT
Title Modulaters and frequency changers /
260 ## - PUBLICATION, DISTRIBUTION, ETC. (IMPRINT)
Place of publication London :
Name of publisher McDonald ,
Year of publication 1953.
300 ## - PHYSICAL DESCRIPTION
Number of Pages 232 ; .
942 ## - ADDED ENTRY ELEMENTS (KOHA)
Koha item type Books
Holdings
Withdrawn status Lost status Damaged status Home library Current library Date acquired Full call number Accession Number Koha item type
      KAUAET KAUAET 07/04/2012 621.384 TUC/MO 3864 Books
free website counter